Δημιουργικό Εργαστήρι / Κατασκευάζω - Παίζω - Δημιουργώ (Record no. 9251)
[ view plain ]
| 000 -LEADER | |
|---|---|
| fixed length control field | 02508cam a22001814a 4500 |
| 005 - ΗΜΕΡΟΜΗΝΙΑ ΚΑΙ ΩΡΑ ΤΕΛΕΥΤΑΙΑΣ ΕΝΗΜΕΡΩΣΗΣ | |
| Πεδίο ελέγχου | 20250605164357.0 |
| 008 - FIXED-LENGTH DATA ELEMENTS--GENERAL INFORMATION | |
| Πεδίο ελέγχου σταθερού μήκους | 250528s ||||||||||||||||||||||||d |
| 035 ## - SYSTEM CONTROL NUMBER | |
| System control number | 24363 |
| 040 ## - ΠΗΓΗ ΚΑΤΑΛΟΓΟΓΡΑΦΗΣΗΣ | |
| Φορέας πρωτότυπης καταλογογράφησης | MC Athens Campus Library |
| Γλώσσα καταλογογράφησης | Ελληνικά, Μοντέρνα (1453-) |
| Modifying agency | MC Athens Campus Library |
| Κανόνες περιγραφικής καταλογογράφησης | AACR2 |
| 245 1# - ΤΙΤΛΟΣ ΚΑΙ ΔΗΛΩΣΗ ΥΠΕΥΘΥΝΟΤΗΤΑΣ | |
| Τίτλος | Δημιουργικό Εργαστήρι / Κατασκευάζω - Παίζω - Δημιουργώ |
| 260 ## - PUBLICATION, DISTRIBUTION, ETC. | |
| Name of publisher, distributor, etc. | Δίπτυχο, |
| Date of publication, distribution, etc. | 2013 |
| 300 ## - PHYSICAL DESCRIPTION | |
| Extent | 60 |
| 520 ## - SUMMARY, ETC. | |
| Summary, etc. | Σταχτοπούτης, Δεινοσαυρίνα Δωράκι για την Αρχή της Σχολικής Χρονιάς, Μήλα με Καραμέλες, Φθινοπωρινό Δέντρο από Χαρτοσακούλα, Φυλλοανθρωπάκια από Ρολό Χαρτί Υγείας, Σκίουρος και Σκαντζόχειρος, Φθινοπωρινό Δέντρο από Χαρτοσακούλα, Φυλλοανθρωπάκια από Ρολό Χαρτί Υγείας, Σκίουρος και Σκαντζόχειρος, Φθινοπωρινό Δέντρο από Χαρτοσακούλα, Φυλλοανθρωπάκια από Ρολό Χαρτί Υγείας, Σκίουρος και Σκαντζόχειρος, Φθινοπωρινό Στεφάνι από Εφημερίδες, Φαναράκι με Φύλλα Φθινοπωρινά, Κουκουβάγιες με Κουκουνάρια, Συννεφούλης Μόμπιλ, Φθινοπωρινό Δέντρο με Πάζλ, Πουλάκι από Κουκουνάρι και Χεράκια, Φθινοπωρινή Αλφαβήτα, Κάμπια Μολυβοθήκη για την Εκμάθηση των Χρωμάτων, Το Ξωτικό του Φθινοπώρου, Πολυχρηστικά Ανακινούμενα Μπουκάλια, Παρουσιολόγιο Αεροπλάνο, Δέντρο με Κουκουβάγιες, Σκαντζόχειρος, Παρουσιολόγιο Σταφύλι από Χάρτινα Πιάτα, Κουμπαράς Τερατάκι από Κουτί Εβαπορέ, Καλαμπόκι από Αεροπλάστ, Φθινοπωρινό Βαζάκι από Μπουκάλι Μπίρας, Ανεμούριο για την 28η Οκτωμβρίου, Στεφάνι από Μανταλάκια για την 28η Οκτωμβρίου, Σκιάχτρο από Γλωσσοπιέστρα, Πήλινος Σκαντζόχειρος, Σαλιγκάρι από Ζυμάρι. |
| 700 1# - ΠΡΟΣΘΕΤΗ ΑΝΑΓΡΑΦΗ--ΦΥΣΙΚΟ ΠΡΟΣΩΠΟ | |
| Personal name | Limos Anna |
| 9 (RLIN) | 9440 |
| 942 ## - ADDED ENTRY ELEMENTS (KOHA) | |
| Koha item type | Περιοδικά Δημοσιεύματα |
| Τύπος τεκμηρίου | Βιβλιοθήκη | Τρέχουσα τοποθεσία | Barcode | Ημερομηνία απόκτησης | Ταξιθετικό σύμβολο | Αριθμός αντιτύπου | Αρίθμηση σειρών / χρονολογία | Κατάσταση απόσυρσης | Κατάσταση χαμένου | Κατάσταση κατεστραμμένου | Μη δανεισμός | Σύνολο δανεισμών | Ημερομηνία τελευταίας εμφάνισης | Η τιμή ισχύει από |
|---|---|---|---|---|---|---|---|---|---|---|---|---|---|---|
| Περιοδικά Δημοσιεύματα | MC Athens Campus Library | MC Athens Campus Library | 9780000092502 | 05/06/2025 | ΔΗΜΙΟΥΡΓΙΚΟ ΕΡΓΑΣΤΗΡΙ | 1 | 71 | 05/06/2025 | 05/06/2025 |